000 00837nas a2200265 4500
001 BR2016001100
003 BR-BrBNA
005 20231205130215.0
007 ta
008 230509b bl.|||p| |||| 00| 00por d
040 _aBR-BrBNA
_bpor
_cBiblioteca Nacional de Agricultura
041 _a(Pt)
072 _aQ02
100 1 _aFerreira, B. de A.
100 1 _aGomes, F. de A.
100 1 _aFerreira, R.T.
245 1 _aAvaliação do binômio tempo/temperatura de preparações proteicas em uma unidade de alimentação e nutrição
650 _aCARNE
650 _aDESCONGELAMENTO
650 _aCOCCAO
650 _aABASTECIMENTO
773 0 _tRevista Higiene Alimentar (Brazil)
_xISSN 0101-9171
_g(Nov-Dec 2015), v. 29(250-251) p. 65-70
_wBR2016001100
909 _a202311
_bLúcia
_c55
_dLúcia Elande
942 _2AGRIS
_n0
_cANA
999 _c248258
_d248258